Great LGBTQ+ speeches : empowering voices that engage and inspire /

Shranjeno v:
Bibliografske podrobnosti
Glavni avtor: Uglow, Tea
Drugi avtorji: Tatchell, Peter
Format: Knjiga
Jezik:angleščina
Izdano: London : White Lion Publishing, 2022
Oznake: Označite
Brez oznak, prvi označite!

MARC

LEADER 00000nam a22000007i 4500
001 IT\ICCU\UBO\4876879
003 ItRI
005 20260115232004.0
008 250508s2020 xxk|||||| ||||| |||||c
020 |a 9780711275003 
040 |b ita  |c importazione bologna sebina 
041 7 |a eng  |2 ISO-639-2 
100 1 |a Uglow, Tea  |0 IT\ICCU\UBOV\156959 
240 1 0 |a Great LGBTQ+ speeches  |3 IT\ICCU\UBO\4876880  |9 Uglow, Tea 
245 1 0 |a Great LGBTQ+ speeches :  |b empowering voices that engage and inspire /  |c Tea Uglow ; foreword by Peter Tatchell. 
260 |a  London :  |b White Lion Publishing,  |c 2022 
300 |a 175 p. ;  |c 21 cm 
700 1 |a Tatchell, Peter  |0 IT\ICCU\UFIV\109385 
942 |2 ddc  |c BK  |n 0 
952 |0 0  |1 0  |4 0  |6 DOC_306_766000000000000_UGL  |7 0  |9 18544  |a BO  |b BO  |d 2026-01-15  |i 20757  |l 0  |o DOC 306.766 UGL  |p BO20757  |r 2026-01-15 23:20:04  |w 2026-01-15  |x [Sebina 5] [1 v.]  |y BK  |z 1 v. 
999 |c 15708  |d 15708